Catálogo de la Biblioteca Horacio González - Universidad Nacional de General Sarmiento

Antes de la lluvia (Registro nro. 54545)

Detalles MARC
000 -CABECERA
campo de control de longitud fija 01218ngm a22002530a 4500
001 - NÚMERO DE CONTROL
campo de control PT19507
003 - IDENTIFICADOR DEL NÚMERO DE CONTROL
campo de control AR-LpoUNG
005 - FECHA Y HORA DE LA ÚLTIMA TRANSACCIÓN
campo de control 20210202000310.0
007 - CAMPO FIJO DE DESCRIPCIÓN FÍSICA--INFORMACIÓN GENERAL
campo de control de longitud fija vd cvaizq
008 - DATOS DE LONGITUD FIJA--INFORMACIÓN GENERAL
campo de control de longitud fija 191001s1997||||ag |||||||||||||||||rus d
037 ## - FUENTE DE ADQUISICIÓN
Condiciones de disponibilidad $9,97
040 ## - FUENTE DE LA CATALOGACIÓN
Centro catalogador/agencia de origen AR-LpoUNG
Lengua de catalogación spa
Centro/agencia transcriptor AR-LpoUNG
Normas de descripción aacr
044 ## - CÓDIGO DEL PAÍS DE LA ENTIDAD EDITORA/PRODUCTORA
Código MARC del país ag
082 0# - NÚMERO DE LA CLASIFICACIÓN DECIMAL DEWEY
Número de clasificación 302.34 268ant
100 1# - ENTRADA PRINCIPAL--NOMBRE DE PERSONA
Nombre de persona Manchevski, Milcho
Término indicativo de función/relación dir.
245 10 - MENCIÓN DE TÍTULO
Título Antes de la lluvia
260 ## - PUBLICACIÓN, DISTRIBUCIÓN, ETC.
Lugar de publicación, distribución, etc. Buenos Aires :
Nombre del editor, distribuidor, etc. Gativideo,
Fecha de publicación, distribución, etc. 1997.
300 ## - DESCRIPCIÓN FÍSICA
Extensión VHS (108 min.) : son., col.
505 0# - NOTA DE CONTENIDO CON FORMATO
Nota de contenido con formato Subtítulos en español. Fecha de estreno 1994
520 ## - SUMARIO, ETC.
Sumario, etc. Primer largometraje del macedonio Milcho Manchevski, quien concibió la idea en un viaje a su Macedonia natal, después de varios años de ausencia. Inspirado en la guerra civil de su país, escribió tres relatos muy sencillos, con argumentos universales como: el amor imposible en ``Palabrasïï -un monje da cobijo a una aterrorizada joven albanesa-; un dilema irresoluble en ``Rostrosïï -cómo la guerra influye en una editora inglesa, dividida sentimentalmente entre dos hombres-; la vuelta al hogar en ``Imagenesïï -un fotógrafo de guerra vuelve a su Macedonia natal.
653 ## - TÉRMINO DE INDIZACIÓN--NO CONTROLADO
Término no controlado VIDEOS
905 ## - ELEMENTOS DE DATOS E LOCAL, LDE (RLIN)
a 19507
942 ## - ELEMENTOS DE PUNTO DE ACCESO ADICIONAL (KOHA)
Tipo de ítem Koha Video
Existencias
Estado de retiro Estado de pérdida Estado dañado No para préstamo Código de colección Localización permanente Ubicación/localización actual Fecha de adquisición Total de préstamos Signatura topográfica completa Código de barras Fecha visto por última vez Precio válido a partir de Tipo de ítem Koha
        Colección Cine Biblioteca Universidad Nacional de General Sarmiento Biblioteca Universidad Nacional de General Sarmiento 02/02/2021   302.34 268ant 00021210 02/02/2021 02/02/2021 Video